000
00286nam a2200133Ia 4500
100
_a
Abbey S.
942
_c
BK
654
_a
Automobile engg.
245
_a
Practical Automobile engg.
260
_b
Asia publishing house
_c
2001
082
_a
629.2
300
_a
160
546
_a
ENGLISH
999
_c
27587
_d
27587